| 000 | 00376nam a22001217a 4500 | ||
|---|---|---|---|
| 082 | _a200 THE | ||
| 100 |
_aZUBAIR SAJID _970241 |
||
| 245 | _aTH-SOF-1117-Shape Memory Effect of SMAs for Combined Axial Torsion Movements | ||
| 260 |
_aIslamabad _bNUST College of EME _c2015 |
||
| 650 | _aMS-MECH-68 MSTHESIS | ||
| 700 |
_aSupervison Dr.Syed Waheed ul Haq _970242 |
||
| 942 | _cCF | ||
| 999 |
_c577246 _d577246 |
||